MARC details
| 000 -CABECERA |
| campo de control de longitud fija |
02165nam a22002657a 4500 |
| 003 - IDENTIFICADOR DEL NÚMERO DE CONTROL |
| campo de control |
OSt |
| 005 - FECHA Y HORA DE LA ÚLTIMA TRANSACCIÓN |
| campo de control |
20260512153752.0 |
| 008 - DATOS DE LONGITUD FIJA--INFORMACIÓN GENERAL |
| campo de control de longitud fija |
251023b |||||||| |||| 00| 0 eng d |
| 022 ## - NÚMERO INTERNACIONAL NORMALIZADO PARA PUBLICACIONES SERIADAS |
| Número Internacional Normalizado para Publicaciones Seriadas |
1552-4205 |
| 040 ## - FUENTE DE LA CATALOGACIÓN |
| Centro catalogador/agencia de origen |
English |
| Centro/agencia transcriptor |
tbs |
| 041 ## - CÓDIGO DE LENGUA |
| Código de lengua del texto/banda sonora o título independiente |
English |
| 100 ## - ENTRADA PRINCIPAL--NOMBRE DE PERSONA |
| Nombre de persona |
Barron, Andrew |
| 9 (RLIN) |
26279 |
| 245 ## - MENCIÓN DE TÍTULO |
| Título |
Toward a Professions-Based Understanding of Ethical and Responsible Lobbying |
| Mención de responsabilidad, etc. |
/ Andrew Barron and Lila Skountridaki |
| 260 ## - PUBLICACIÓN, DISTRIBUCIÓN, ETC. |
| Nombre del editor, distribuidor, etc. |
Business & Society |
| Fecha de publicación, distribución, etc. |
2022 |
| 362 ## - FECHAS DE PUBLICACIÓN Y/O DESIGNACIÓN SECUENCIAL |
| Fecha de publicación y/o designación secuencial |
Business & Society 2022, Vol. 61(2) 340–371 |
| 520 ## - SUMARIO, ETC. |
| Sumario, etc. |
Responding to calls for more substantive studies into ethical and responsible lobbying, we analyze data collected over a five-year period in Brussels to explore how individual lobbyists understand the ethical dimensions of their work.<br/><br/>Mobilizing insights from the sociology of the professions, we expose an emerging lobbying professionalism and unpack practitioners’ understandings of what being a professional lobbyist entails—focusing in particular on their espoused values of transparency and honesty.<br/><br/>While expectations to lobby more transparently and honestly stem from political institutions, we find that individual lobbyists—acting as conduits—attempt to disseminate these expectations by setting limits that encourage their clients to embrace what policymakers consider professional lobbying practice.<br/><br/>Our study contributes to corporate political activity (CPA) scholarship by providing a professions-based understanding of ethical and responsible approaches to lobbying. We offer new insights into both contextual and individual-level factors behind the emergence of such approaches, and elucidate the implications of lobbying professionalism for business and European Union (EU) governance. |
| 653 ## - TÉRMINO DE INDIZACIÓN--NO CONTROLADO |
| Término no controlado |
Corporate political activity |
| 653 ## - TÉRMINO DE INDIZACIÓN--NO CONTROLADO |
| Término no controlado |
Professionalism |
| 653 ## - TÉRMINO DE INDIZACIÓN--NO CONTROLADO |
| Término no controlado |
Responsible Lobbying |
| 653 ## - TÉRMINO DE INDIZACIÓN--NO CONTROLADO |
| Término no controlado |
Transparency |
| 653 ## - TÉRMINO DE INDIZACIÓN--NO CONTROLADO |
| Término no controlado |
Work Ethics |
| 700 ## - ENTRADA AGREGADA--NOMBRE PERSONAL |
| Nombre de persona |
Skountridaki, L. |
| 9 (RLIN) |
26427 |
| 856 ## - LOCALIZACIÓN Y ACCESO ELECTRÓNICOS |
| Identificador Uniforme del Recurso |
<a href="https://bibliotheque.tbs-education.fr/Default/doc/edselc/_b64_ZWRzZWxjLjItNTIuMC04NTA5Njg0ODAxNw%3d%3d/toward-a-professions-based-understanding-of-ethical-and-responsible-lobbying">https://bibliotheque.tbs-education.fr/Default/doc/edselc/_b64_ZWRzZWxjLjItNTIuMC04NTA5Njg0ODAxNw%3d%3d/toward-a-professions-based-understanding-of-ethical-and-responsible-lobbying</a> |
| 942 ## - ELEMENTOS DE ENTRADA AGREGADA (KOHA) |
| Fuente del sistema de clasificación o colocación |
Clasificación de Library of Congress |